Sports Quiz

Random Sports or MLB Quiz

Teams Jim Kaat played for. Quiz Stats

 Plays Quiz not verified by Sporcle

Challenge
Share
Tweet
Embed
Score 0/6 Timer 02:00
0 Plays Today
Years Team % Correct
1961-1973Minnesota Twins
98.2%
1979-1980New York Yankees
93%
1973-1975Chicago White Sox
82.5%
1959-1960Washington Senators
80.7%
1976-1979Philadelphia Phillies
78.9%
1980-1983St. Louis Cardinals
77.2%

You're not logged in!

Compare scores with friends on all Sporcle quizzes.
Join for Free
OR
Log In

You Might Also Like...

Show Comments

Extras

Top Quizzes Today


Score Distribution

Your Account Isn't Verified!

In order to create a playlist on Sporcle, you need to verify the email address you used during registration. Go to your Sporcle Settings to finish the process.

Report this User

Report this user for behavior that violates our Community Guidelines.

Details: